000 01584nam2a22002291 4500
001 rc\3568841
005 20250610073445.0
035 _a(NLR Aleph) 007799868
090 _a7679498
_c7679498
100 _a20130115d1973 |||y0rusy50 ca
101 0 _arus
102 _aRU
105 _aa z |||||
200 0 _aЧ. 3
210 _aМосква
_cБ. и.
_d1973
215 _a87 с.
_cил.
461 0 _1001rc\3568838
_12001#$aМетодические рекомендации по комплексному использованию технических средств при обучении иностранным языкам$eЧ. 1-3$fМ-во высш. и сред. спец. образования РСФСР. Моск. станкоинструм. ин-т. Кафедра иностр. яз. Межвуз. лаб. по иностр. яз. МВ и ССО РСФСР$vЧ. 3
_1700#1$aПассек$bВ.В.$gВасилий Васильевич
_97679489
_aПассек, В.В.
_cМосква
_d1973
_fМ-во высш. и сред. спец. образования РСФСР. Моск. станкоинструм. ин-т. Кафедра иностр. яз. Межвуз. лаб. по иностр. яз. МВ и ССО РСФСР
_nБ. и.
_oЧ. 1-3
_p3 т.
_tМетодические рекомендации по комплексному использованию технических средств при обучении иностранным языкам
_vЧ. 3
801 0 _aRU
_bNLR
_gpsbo
801 1 _aRU
_bELAR
_2rusmarc
852 _aNLR
_j73-4/44896
942 _cBOOK
980 _aNB